000
00315nam a2200121Ia 4500
005
20251222144707.0
008
251222s9999||||xx |||||||||||||| ||spa||
082
_a
344.01/V61
100
_a
Vidal Bermudez, Alvaro
245
0
_a
Manual de Formatos Laborales
264
_b
Ediciones Caballero Bustamante
942
_c
LIB
999
_c
17676
_d
17676